000 01030nam a22003135i 4500
001 10782
003 ES-MaACL
005 20230906145946.0
007 t|
008 941219s1994 sp ||||0| spa j
020 _a84-204-2817-5
040 _aM-BN
_bspa
_cM-BN
080 _a892.4-14"11"
100 1 _aYehuda ha-Levi.
_9117609
245 1 0 _aPoemas /
_cYehuda ha-Levi ; introducción, traducción, y notas, Angel Sènz-Badillos y Judit Tragarona Borrás ; estudios literarios, Aviva Doron.
250 _aEd. bilingüe.
260 _aMadrid :
_bAlfaguara,
_cD.L. 1994.
300 _a539, 55 p ;
_c22 cm.
490 1 _aClásicos Alfaguara
500 _aTexto en hebreo y traducción en español.
504 _aBibliografía: p. 24-25.
700 1 _aSáenz-Badillos, Angel.
_9178832
700 1 _aTargarona Borrás, Judit.
_9109286
700 1 _aDoron, Aviva.
_945420
830 0 _aClásicos Alfaguara
_9178833
852 _aES-MaACL
_jL-18157
_bR.123308
999 _c10782
_d10782